[Event "Bad Wiessee Seniors op"]
[Site "Bad Wiessee"]
[Date "2012.04.27"]
[Round "7"]
[White "Lieber, Helmut"]
[Black "Klein, Gereon"]
[Result "1/2-1/2"]
[WhiteElo "1758"]
[BlackElo "1839"]
[PlyCount "43"]
[EventDate "2012.04.21"]
[EventType "swiss"]
[EventRounds "9"]
[EventCountry "GER"]
[SourceTitle "EXT 2015"]
[Source "ChessBase"]
[SourceDate "2014.11.20"]
[SourceVersion "1"]
[SourceVersionDate "2014.11.20"]
[SourceQuality "1"]

1. e4 c5 2. Nf3 Nc6 3. Nc3 g6 4. d3 Bg7 5. g3 e6 6. Be3 d6 7. Qd2 Nd4 8. Bg2 Ne7 9. 0-0 0-0 10. Nd1 Nec6 11. c3 Nxf3+ 12. Bxf3 Rb8 13. Bh6 Ne5 14. Be2 f5 15. Bxg7 Kxg7 16. f4 Nc6 17. Ne3 b5 18. Bf3 Bb7 19. exf5 exf5 20. Rae1 Ne7 21. Bxb7 Rxb7 22. d4 1/2-1/2

[Event "Bad Wiessee Seniors op"]
[Site "Bad Wiessee"]
[Date "2012.04.26"]
[Round "6"]
[White "Klein, Gereon"]
[Black "Mueller, Gerhard2222"]
[Result "1/2-1/2"]
[WhiteElo "1839"]
[BlackElo "1776"]
[PlyCount "62"]
[EventDate "2012.04.21"]
[EventType "swiss"]
[EventRounds "9"]
[EventCountry "GER"]
[SourceTitle "EXT 2015"]
[Source "ChessBase"]
[SourceDate "2014.11.20"]
[SourceVersion "1"]
[SourceVersionDate "2014.11.20"]
[SourceQuality "1"]

1. Nf3 g6 2. c4 d6 3. d4 Nf6 4. Nc3 Bg7 5. e4 0-0 6. Be2 c6 7. 0-0 Nbd7 8. Re1 e5 9. h3 Qc7 10. Be3 a6 11. a4 a5 12. Rc1 exd4 13. Nxd4 Nc5 14. f3 Re8 15. Nb3 Nfd7 16. Nxc5 Nxc5 17. Bf4 Be5 18. Bxe5 dxe5 19. Bf1 Qe7 20. Qc2 Qg5 21. Kh1 Be6 22. Rcd1 Rad8 23. Ne2 Rxd1 24. Rxd1 Qe3 25. Nc3 Kf8 26. Rd6 Qe1 27. Rd1 Qh4 28. Rd6 Qe1 29. Rd1 Qe3 30. Rd6 Ke7 31. Qd1 Kf8 1/2-1/2

[Event "Bad Wiessee Seniors op"]
[Site "Bad Wiessee"]
[Date "2012.04.25"]
[Round "5"]
[White "Huelsmann, Josef"]
[Black "Klein, Gereon"]
[Result "1-0"]
[WhiteElo "2117"]
[BlackElo "1839"]
[PlyCount "41"]
[EventDate "2012.04.21"]
[EventType "swiss"]
[EventRounds "9"]
[EventCountry "GER"]
[SourceTitle "EXT 2015"]
[Source "ChessBase"]
[SourceDate "2014.11.20"]
[SourceVersion "1"]
[SourceVersionDate "2014.11.20"]
[SourceQuality "1"]

1. d4 d5 2. Nf3 e6 3. c4 Nf6 4. g3 Bb4+ 5. Nbd2 a5 6. Qc2 0-0 7. Bg2 c6 8. 0-0 Be7 9. e4 dxe4 10. Nxe4 Nbd7 11. Rd1 Nxe4 12. Qxe4 Nf6 13. Qe2 Bd7 14. Ne5 Rc8 15. Bf4 b5 16. d5 exd5 17. cxd5 cxd5 18. Bxd5 Qe8 19. Nxd7 Nxd7 20. Qxb5 Rc5 21. Qxd7 1-0

[Event "Dresden ZMD op"]
[Site "Dresden"]
[Date "2009.08.02"]
[Round "9"]
[White "Klein, Gereon"]
[Black "Guenther, Thomas"]
[Result "0-1"]
[WhiteElo "1928"]
[BlackElo "2139"]
[PlyCount "94"]
[EventDate "2009.07.25"]
[EventType "swiss"]
[EventRounds "9"]
[EventCountry "GER"]
[SourceTitle "CBM 131 Extra"]
[Source "ChessBase"]
[SourceDate "2009.09.03"]
[SourceVersion "2"]
[SourceVersionDate "2009.09.16"]
[SourceQuality "1"]

1. Nf3 Nf6 2. c4 g6 3. Nc3 Bg7 4. e4 d6 5. d4 0-0 6. Be2 Na6 7. 0-0 c5 8. d5 Nc7 9. Re1 a6 10. a4 Rb8 11. h3 Bd7 12. Be3 b5 13. axb5 axb5 14. e5 Nfe8 15. cxb5 Nxb5 16. Nxb5 Bxb5 17. Bxb5 Rxb5 18. Ra7 dxe5 19. Qa4 Nd6 20. Ra1 h6 21. Qa6 Re8 22. Qc6 Qb6 23. Qxb6 Rxb6 24. Bxc5 Rxb2 25. Rd7 e4 26. Nd4 Bxd4 27. Bxd4 Rb5 28. Raa7 Rxd5 29. Bb2 Rb5 30. Ba3 Nc8 31. Rac7 Re5 32. Rb7 Re6 33. Bc5 Kf8 34. g3 Nd6 35. Bxd6 Rxd6 36. Rdc7 f5 37. Kf1 Kf7 38. Ke2 Kf6 39. h4 g5 40. hxg5+ hxg5 41. Ke3 Rd3+ 42. Ke2 f4 43. gxf4 gxf4 44. Rc6+ e6 45. Rbb6 Kf5 46. Rc5+ Rd5 47. Rc3 Red8 0-1

[Event "Dresden ZMD op"]
[Site "Dresden"]
[Date "2009.07.28"]
[Round "4"]
[White "Held, Florian"]
[Black "Klein, Gereon"]
[Result "1/2-1/2"]
[WhiteElo "2043"]
[BlackElo "1928"]
[PlyCount "47"]
[EventDate "2009.07.25"]
[EventType "swiss"]
[EventRounds "9"]
[EventCountry "GER"]
[SourceTitle "CBM 131 Extra"]
[Source "ChessBase"]
[SourceDate "2009.09.03"]
[SourceVersion "2"]
[SourceVersionDate "2009.09.16"]
[SourceQuality "1"]

1. e4 c5 2. Nf3 Nc6 3. d4 cxd4 4. Nxd4 g6 5. c4 Nf6 6. Nc3 Nxd4 7. Qxd4 d6 8. Be3 Bg7 9. f3 0-0 10. Qd2 Be6 11. Be2 Qa5 12. 0-0 Rfc8 13. b3 a6 14. Rac1 b5 15. Nd5 Qxd2 16. Bxd2 Bxd5 17. cxd5 Nd7 18. Rxc8+ Rxc8 19. Rc1 Rxc1+ 20. Bxc1 Nc5 21. Be3 Kf8 22. Kf1 Bc3 23. Bxc5 dxc5 24. a4 1/2-1/2

[Event "Bad Woerishofen op 25th"]
[Site "Bad Woerishofen"]
[Date "2009.03.12"]
[Round "8"]
[White "Klein, Gereon"]
[Black "Frijling, Jeroen"]
[Result "0-1"]
[WhiteElo "1945"]
[BlackElo "1823"]
[PlyCount "70"]
[EventDate "2009.03.05"]
[EventType "swiss"]
[EventRounds "9"]
[EventCountry "GER"]
[SourceTitle "CBM 129 Extra"]
[Source "ChessBase"]
[SourceDate "2009.05.05"]
[SourceVersion "2"]
[SourceVersionDate "2009.05.20"]
[SourceQuality "1"]

1. Nf3 d5 2. d4 Nf6 3. c4 c6 4. Nc3 dxc4 5. a4 Bf5 6. e3 e6 7. Bxc4 Bb4 8. 0-0 0-0 9. Nh4 Nbd7 10. Nxf5 exf5 11. Qc2 g6 12. Rd1 Nb6 13. Be2 a5 14. Bf3 Nbd5 15. Bd2 Rc8 16. Rac1 Qd7 17. Qd3 Rfe8 18. Nxd5 Nxd5 19. Bxd5 cxd5 20. Bxb4 axb4 21. Qb5 Qxb5 22. axb5 Rxc1 23. Rxc1 Ra8 24. Kf1 Ra2 25. Rc7 Rxb2 26. Rxb7 Ra2 27. b6 b3 28. Rb8+ Kg7 29. b7 b2 30. Rg8+ Kxg8 31. b8Q+ Kg7 32. Qe5+ Kh6 33. Qf4+ g5 34. Qd6+ Kh5 35. g4+ fxg4 0-1

[Event "Seefeld op 19th"]
[Site "Seefeld"]
[Date "2008.09.13"]
[Round "9"]
[White "Klein, Gereon"]
[Black "Fahnenschmidt, Gerhard"]
[Result "1/2-1/2"]
[WhiteElo "1972"]
[BlackElo "2058"]
[PlyCount "125"]
[EventDate "2008.09.05"]
[EventType "swiss"]
[EventRounds "9"]
[EventCountry "AUT"]
[SourceTitle "EXT 2019"]
[Source "ChessBase"]
[SourceDate "2018.10.10"]
[SourceVersion "1"]
[SourceVersionDate "2018.10.10"]
[SourceQuality "1"]

1. Nf3 c5 2. c4 Nf6 3. Nc3 Nc6 4. d4 cxd4 5. Nxd4 g6 6. e4 Bg7 7. Be3 0-0 8. Be2 d6 9. 0-0 Nxd4 10. Bxd4 Be6 11. Qd2 Qa5 12. Rfd1 Rfc8 13. b3 a6 14. f3 b5 15. cxb5 axb5 16. Nxb5 Qxd2 17. Rxd2 Nd7 18. Bxg7 Kxg7 19. Nd4 Nc5 20. Nxe6+ fxe6 21. Bc4 Kf6 22. Kf2 Ra3 23. Re1 Rca8 24. Ree2 e5 25. h4 Ne6 26. Bxe6 Kxe6 27. Rc2 h5 28. Red2 g5 29. hxg5 Rg8 30. b4 Rb8 31. Rb2 Rb5 32. Rd5 Rb8 33. b5 Rb6 34. Kg3 Ra8 35. Kh4 Rh8 36. a4 Ra8 37. Ra2 Kf7 38. a5 Rbb8 39. Kxh5 Rh8+ 40. Kg4 Rh1 41. a6 Rb1 42. a7 Ke8 43. g6 Kd7 44. Ra5 Rb2 45. g3 Kc7 46. Rd3 Kb6 47. Raa3 Rxb5 48. Rdb3 e6 49. Rxb5+ Kxb5 50. Kg5 d5 51. Kf6 Kb4 52. Ra1 d4 53. Kf7 d3 54. Kxe6 d2 55. Kxe5 Rxa7 56. Rd1 Kc3 57. f4 Kc2 58. Rxd2+ Kxd2 59. f5 Ke3 60. f6 Ra5+ 61. Ke6 Rg5 62. g7 Kxe4 63. Kf7 1/2-1/2

[Event "Seefeld op 19th"]
[Site "Seefeld"]
[Date "2008.09.09"]
[Round "5"]
[White "Klein, Gereon"]
[Black "Schumacher, Helmut"]
[Result "1/2-1/2"]
[WhiteElo "1972"]
[BlackElo "2068"]
[PlyCount "58"]
[EventDate "2008.09.05"]
[EventType "swiss"]
[EventRounds "9"]
[EventCountry "AUT"]
[SourceTitle "EXT 2010"]
[Source "ChessBase"]
[SourceDate "2010.11.25"]
[SourceVersion "1"]
[SourceVersionDate "2010.11.25"]
[SourceQuality "1"]

1. Nf3 d5 2. d4 c6 3. c4 e6 4. Nc3 Nf6 5. cxd5 exd5 6. Bg5 Be7 7. Qc2 Nbd7 8. e3 Nh5 9. Bxe7 Qxe7 10. Be2 g6 11. 0-0 Ndf6 12. Rab1 Bf5 13. Bd3 Bxd3 14. Qxd3 Ne4 15. b4 0-0 16. b5 Nxc3 17. Qxc3 cxb5 18. Rxb5 Nf6 19. Qb2 b6 20. Rc1 Rfc8 21. h3 Qd7 22. Rxc8+ Rxc8 23. Ne5 Qc7 24. a4 Qc1+ 25. Qxc1 Rxc1+ 26. Kh2 Ra1 27. Rb4 Ra2 28. f3 Ra3 29. Nc6 Rxe3 1/2-1/2

[Event "Bad Woerishofen op 24th"]
[Site "Bad Woerishofen"]
[Date "2008.03.04"]
[Round "6"]
[White "Hempel, Olaf"]
[Black "Klein, Gereon"]
[Result "1/2-1/2"]
[WhiteElo "2016"]
[BlackElo "1827"]
[PlyCount "42"]
[EventDate "2008.02.28"]
[EventType "swiss"]
[EventRounds "9"]
[EventCountry "GER"]
[SourceTitle "EXT 2022"]
[Source "ChessBase"]
[SourceDate "2021.10.06"]
[SourceVersion "1"]
[SourceVersionDate "2021.10.06"]
[SourceQuality "1"]

1. c4 c5 2. Nc3 g6 3. Nf3 Bg7 4. g3 Nc6 5. Bg2 e6 6. 0-0 Nge7 7. d3 0-0 8. Bf4 d6 9. Qd2 Rb8 10. Bh6 Bxh6 11. Qxh6 Nf5 12. Qd2 d5 13. Rfd1 dxc4 14. dxc4 Qe7 15. e3 Rd8 16. Qe2 b6 17. Nh4 Bb7 18. Nxf5 gxf5 19. Rxd8+ Rxd8 20. Rd1 Rd7 21. Rxd7 Qxd7 1/2-1/2

[Event "Bad Woerishofen op 24th"]
[Site "Bad Woerishofen"]
[Date "2008.02.29"]
[Round "2"]
[White "Bangert, Ruediger"]
[Black "Klein, Gereon"]
[Result "0-1"]
[WhiteElo "1482"]
[BlackElo "1827"]
[PlyCount "58"]
[EventDate "2008.02.28"]
[EventType "swiss"]
[EventRounds "9"]
[EventCountry "GER"]
[SourceTitle "EXT 2022"]
[Source "ChessBase"]
[SourceDate "2021.10.06"]
[SourceVersion "1"]
[SourceVersionDate "2021.10.06"]
[SourceQuality "1"]

1. Nf3 c5 2. e3 g6 3. c3 Bg7 4. Bc4 d5 5. Bb5+ Nc6 6. Bxc6+ bxc6 7. 0-0 e5 8. d3 Ne7 9. e4 0-0 10. Bg5 h6 11. Be3 d4 12. Bd2 Rb8 13. b3 f5 14. Re1 fxe4 15. dxe4 Bg4 16. c4 Rb7 17. Bc1 g5 18. Qd3 Bxf3 19. gxf3 Ng6 20. Kh1 Rbf7 21. Nd2 Nh4 22. Qe2 Nxf3 23. Nxf3 Rxf3 24. Rf1 g4 25. Kg2 Qh4 26. Ba3 h5 27. Bxc5 Qh3+ 28. Kh1 Bh6 29. Rg1 Rxf2 0-1

[Event "Seefeld op 18th"]
[Site "Seefeld"]
[Date "2007.09.07"]
[Round "7"]
[White "Klein, Gereon"]
[Black "Walcher, Christian"]
[Result "1-0"]
[WhiteElo "2009"]
[BlackElo "1776"]
[PlyCount "81"]
[EventDate "2007.09.01"]
[EventType "swiss"]
[EventRounds "9"]
[EventCountry "AUT"]
[SourceTitle "EXT 2009"]
[Source "ChessBase"]
[SourceDate "2008.11.26"]
[SourceVersion "1"]
[SourceVersionDate "2008.11.26"]
[SourceQuality "1"]

1. Nf3 e6 2. d4 Nf6 3. c4 b6 4. a3 d5 5. cxd5 exd5 6. g3 Bb7 7. Bg2 Nbd7 8. 0-0 Ne4 9. Nc3 Nxc3 10. bxc3 Nf6 11. Ne5 Bd6 12. Qa4+ c6 13. Bg5 b5 14. Qb3 h6 15. Bxf6 Qxf6 16. f4 a6 17. Rae1 Bxe5 18. dxe5 Qe7 19. e4 0-0 20. Re2 dxe4 21. Bxe4 c5 22. Qc2 Bxe4 23. Qxe4 c4 24. f5 f6 25. e6 Rad8 26. Rfe1 Rd3 27. Qc6 Re8 28. Re4 Qa7+ 29. Rd4 Re7 30. Qc8+ Kh7 31. Ree4 Rxc3 32. Kg2 Rd3 33. Qd8 Rxd4 34. Rxd4 h5 35. Rh4 g6 36. fxg6+ Kxg6 37. Qh8 Qc5 38. Qg8+ Rg7 39. Qe8+ Kh6 40. Qh8+ Rh7 41. Qxf6# 1-0

[Event "Seefeld op 18th"]
[Site "Seefeld"]
[Date "2007.09.06"]
[Round "6"]
[White "Nolte, Wilhelm"]
[Black "Klein, Gereon"]
[Result "0-1"]
[WhiteElo "1775"]
[BlackElo "2009"]
[PlyCount "89"]
[EventDate "2007.09.01"]
[EventType "swiss"]
[EventRounds "9"]
[EventCountry "AUT"]
[SourceTitle "EXT 2009"]
[Source "ChessBase"]
[SourceDate "2008.11.26"]
[SourceVersion "1"]
[SourceVersionDate "2008.11.26"]
[SourceQuality "1"]

1. e4 c5 2. Nf3 Nc6 3. d4 cxd4 4. Nxd4 g6 5. c4 Nf6 6. Nc3 Nxd4 7. Qxd4 d6 8. Be2 Bg7 9. Qd1 0-0 10. 0-0 Be6 11. Qc2 Qa5 12. Rb1 Rfc8 13. b3 a6 14. Qd2 b5 15. b4 Qc7 16. f3 Bxc4 17. Bxc4 Qxc4 18. Nd5 Nxd5 19. Qxd5 Bd4+ 20. Kh1 Qxd5 21. exd5 Rc2 22. a3 Rac8 23. Bf4 Bb2 24. h4 R8c4 25. Bg3 R4c3 26. Rfe1 Kf8 27. Bf4 f6 28. Re6 Rxa3 29. Rbe1 Ra2 30. Bh6+ Kg8 31. Rxe7 Be5 32. Rg7+ Kf8 33. Rxh7+ Kg8 34. Rg7+ Kh8 35. Rxg6 Kh7 36. h5 Ra1 37. Rxa1 Bxa1 38. Bf4 a5 39. bxa5 b4 40. Bxd6 b3 41. Ba3 Rd2 42. Rg4 Be5 43. g3 Ra2 44. Bc1 Ra1 45. Rc4 0-1

[Event "Dresden ZMD op"]
[Site "Dresden"]
[Date "2007.07.27"]
[Round "7"]
[White "Bock, Juergen"]
[Black "Klein, Gereon"]
[Result "1-0"]
[WhiteElo "2286"]
[BlackElo "2009"]
[PlyCount "59"]
[EventDate "2007.07.21"]
[EventType "swiss"]
[EventRounds "9"]
[EventCountry "GER"]
[SourceTitle "EXT 2008"]
[Source "ChessBase"]
[SourceDate "2007.11.25"]
[SourceVersion "1"]
[SourceVersionDate "2007.11.25"]
[SourceQuality "1"]

1. d4 d5 2. c4 e6 3. Nf3 Nf6 4. Bg5 Be7 5. e3 0-0 6. Nc3 h6 7. Bh4 b6 8. Qc2 Bb7 9. Bxf6 Bxf6 10. cxd5 exd5 11. 0-0-0 c5 12. dxc5 bxc5 13. Nxd5 Bxd5 14. Bc4 Qb6 15. Bxd5 Nc6 16. Bxc6 Qxc6 17. e4 Qa6 18. Kb1 Rab8 19. e5 Be7 20. Rd7 Rfe8 21. Rhd1 c4 22. Ka1 Bf8 23. Qf5 Rxb2 24. Qxf7+ Kh8 25. Kxb2 Rb8+ 26. Kc3 Qxa2 27. Kd4 Qb2+ 28. Ke4 Qe2+ 29. Kf5 c3 30. Rd8 1-0